Professional and legal - overview of listed buildings issues (Record no. 73422)
[ view plain ]
| 000 -LEADER | |
|---|---|
| fixed length control field | 01197cam a2200241 4500 |
| 001 - CONTROL NUMBER | |
| control field | ABS67042 |
| 008 - FIXED-LENGTH DATA ELEMENTS--GENERAL INFORMATION | |
| fixed length control field | 030917n2003 000 0 eng u |
| 035 ## - SYSTEM CONTROL NUMBER | |
| System control number | (Sirsi) u123642 |
| 100 ## - MAIN ENTRY--PERSONAL NAME | |
| Personal name | Beacham, P. |
| 245 ## - TITLE STATEMENT | |
| Title | Professional and legal - overview of listed buildings issues |
| 260 ## - PUBLICATION, DISTRIBUTION, ETC. | |
| Date of publication, distribution, etc. | 2003 |
| 490 ## - SERIES STATEMENT | |
| Series statement | Estates Gazette |
| Volume/sequential designation | (0335) 30 August 2003, 75-81(7) |
| 520 ## - SUMMARY, ETC. | |
| Summary, etc. | Report on the issues surrounding listed buildings. "Forward march of history" looks at how government proposals may help alleviate the worst problems which have arisen as the listing system is a confusing mix of regimes; "Defeat in the lists" advises owners on how to proceed if their redevelopment project is subject to listing; "A spanner in the works" warns developers they may eventually pay for their predecessors' mistakes; "The historic present" examines government proposals, concluding they are a long way off. |
| 590 ## - LOCAL NOTE (RLIN) | |
| Local note | ABS |
| 650 ## - SUBJECT ADDED ENTRY--TOPICAL TERM | |
| Topical term or geographic name entry element | LISTED BUILDINGS |
| 650 ## - SUBJECT ADDED ENTRY--TOPICAL TERM | |
| Topical term or geographic name entry element | DEVELOPMENT SCHEMES |
| 690 ## - LOCAL SUBJECT ADDED ENTRY--TOPICAL TERM (OCLC, RLIN) | |
| Topical term or geographic name as entry element | BUILT ENVIRONMENT-BUILDING MAINTENANCE AND REFURBISHMENT-BUILDING CONSERVATION |
| 700 ## - ADDED ENTRY--PERSONAL NAME | |
| Personal name | Bovill, P. |
| 700 ## - ADDED ENTRY--PERSONAL NAME | |
| Personal name | Watson, A. |
| 700 ## - ADDED ENTRY--PERSONAL NAME | |
| Personal name | Burson, S. |
| 700 ## - ADDED ENTRY--PERSONAL NAME | |
| Personal name | Martin, J |
| 942 ## - ADDED ENTRY ELEMENTS (KOHA) | |
| Suppress in OPAC | 0 |
| Withdrawn status | Lost status | Source of classification or shelving scheme | Damaged status | Not for loan | Home library | Current library | Shelving location | Date acquired | Total Checkouts | Full call number | Barcode | Date last seen | Copy number | Price effective from | Koha item type |
|---|---|---|---|---|---|---|---|---|---|---|---|---|---|---|---|
| Dewey Decimal Classification | London | London | Journal article | 17/09/2003 | ABS67042 | 123642-1001 | 06/08/2019 | 1 | 06/08/2019 | Journal article |